00349ntaaa2200145 45000030003000000050017000030080021000200400037000410820017000781000023000952450015001182500010001332600050001433000010001930120251027202337.00714s1973 ag 01  aAR-BaBNbspacAR-BaBNeaacrdRIC a296.0900 M47 aMeinvielle, Julio  aEl judío a1 ed. aBuenos Aires : bEdiciones Theoría, cc1963 a150 p